00511cam a2200157 4500008004100000020001500041035001200056050002400068100002900092245007200121260003800193300002100231504003200252504001900284650005000303040524t19901990sp 000 0 spa u a8474797977 aa43719200aS469 .S6 bK66 19901 aKondo, Agustin Yoshiyuki13aLa agricultura española del siglo XIX /cAgustin Yoshiyuki Kondo. aMadrid, España :bNEREA, c1990 a336 p. ;c22 cm. aBibliografía : p. 285-326 aIncluye indice10aAgricultura zEspaña xHistoria ySiglo XIX